|
|
|
|
| LEADER |
00000cam a2200000 a 4500 |
| 001 |
54910 |
| 003 |
CZ-ZlUTB |
| 005 |
20240829142828.0 |
| 007 |
ta |
| 008 |
081103s2008 xr a b 000 f cze |
| 015 |
|
|
|a cnb001828455
|
| 020 |
|
|
|a 9788073712013
|q (váz.)
|
| 035 |
|
|
|a (OCoLC)298778778
|
| 040 |
|
|
|a OLA001
|b cze
|d ABA001
|d ZLD002
|
| 041 |
1 |
|
|a cze
|h spa
|
| 072 |
|
7 |
|a 821-93
|x Literatura pro děti a mládež (beletrie)
|2 Konspekt
|9 26
|
| 080 |
|
|
|a 821-93
|2 MRF
|
| 080 |
|
|
|a 821-34
|2 MRF
|
| 080 |
|
|
|a (0:82-34)
|2 MRF
|
| 100 |
1 |
|
|a Montero, José Pérez,
|d 1941-
|7 mzk2008479710
|4 ill
|
| 245 |
1 |
0 |
|a 365 pověstí /
|c [ilustrace José Pérez Montero ; překlad Hana Jovanovičová]
|
| 246 |
3 |
|
|a Tři sta šedesát pět pověstí
|
| 250 |
|
|
|a 1. vyd.
|
| 260 |
|
|
|a Praha :
|b Sun,
|c 2008
|
| 300 |
|
|
|a 292 s. :
|b barev. il. ;
|c 28 cm
|
| 500 |
|
|
|a Přeloženo ze španělštiny
|
| 655 |
|
7 |
|a pověsti
|7 fd133104
|2 czenas
|
| 655 |
|
7 |
|a publikace pro děti
|7 fd133156
|2 czenas
|
| 655 |
|
9 |
|a legends
|2 eczenas
|
| 655 |
|
9 |
|a children's literature
|2 eczenas
|
| 765 |
0 |
|
|t 365 leyendas
|9 Česky
|
| 910 |
|
|
|a ZLD002
|
| 928 |
1 |
|
|a Nakladatelství Sun
|
| 952 |
|
|
|0 0
|1 0
|4 0
|6 885MONTEROJP
|7 0
|8 BOOK
|9 100582
|a UTBZL
|b UTBZL
|c 006
|d 2010-02-03
|l 3
|m 2
|o 885/MONTERO,J.P.
|p 420010130071
|r 2022-03-03 00:00:00
|s 2022-03-02
|v 339.00
|w 2019-08-26
|x N:nákup, převod FHS Dorková 27.7.2018;
|y 04
|
| 992 |
|
|
|a BK
|b SK
|d 1
|
| 999 |
|
|
|c 54910
|d 54910
|